1st episode charcters- uk soap edition Quiz Stats

 Plays Quiz not verified by Sporcle

Support Sporcle.
Go Orange.
Score 0/41 Timer 10:00
0 Plays Today
% Correct
Ian Beale
85.8%
Ken Barlow
83.5%
Den Watts
82.3%
Pauline Fowler
80.3%
Angie Watts
76.1%
Arthur Fowler
74.9%
Sharon Watts
74.1%
Michelle Fowler
71.2%
Pete Beale
70.7%
Mark Fowler
67.5%
Kathy Beale
67.2%
Jack Sugden
63%
Nick Cotton
57.8%
Lou Beale
56.1%
Annie Sugden
55.8%
Ali Osman
50.4%
Annie Walker
50.1%
Elsie Lappin
49.9%
Joe Sugden
48.1%
Ethel Skinner
47.6%
Dennis Tanner
47.3%
% Correct
Elsie Tanner
47%
Sue Osman
44.7%
Ena Sharples
43.9%
Frank Barlow
43.6%
David Barlow
42.7%
Amos Brealy
37.3%
Albert Tatlock
30.2%
Henry Wilks
29.1%
Matt Skilbeck
27.4%
Ida Barlow
27.4%
Dr Legg
26.5%
Peggy Skilbeck
24.8%
Linda Cheveski
22.2%
Naima Jeffrey
21.7%
Marian Rosetti
19.9%
Sam Pearson
17.9%
Susan Cunningham
16.5%
Alec Saunders
14%
Florrie Lindley
13.4%
Saeed Jeffrey
11.4%

You're not logged in!

Compare scores with friends on all Sporcle quizzes.
OR
Log In

From the Vault

Evenly Distributed Team Names

by puckett86

You get a baseball team, and you get a baseball team, and YOU get a baseball team!
Remove Ads.
Support Sporcle.
Get the best of Sporcle when you Go Orange. This ad-free experience offers more features, more stats, and more fun while also helping to support Sporcle. Thank you for becoming a member.

Show Comments

Extras

Created Feb 11, 2011ReportNominate
Tags:Character, Edition, episode, soap

Top Quizzes Today


Score Distribution

Your Account Isn't Verified!

In order to create a playlist on Sporcle, you need to verify the email address you used during registration. Go to your Sporcle Settings to finish the process.

Report this User

Report this user for behavior that violates our Community Guidelines.

Details: